000 01783nam a2200421 i 4500
001 91341
003 FINmELB
005 20241217172021.0
006 m o u
007 cr cn|||||||||
008 230201s2020 mx b ob 000 0 spa d
020 _a9786075394138
_qelectrónico
020 _z9786074842807
035 _a(OCoLC)1370946840
040 _aFINmELB
_bspa
_erda
_cFINmELB
050 4 _aJA71
_b.S263 2020
080 _a321.01
082 0 4 _a320.01
_223
100 1 _aSandoval Álvarez, Rafael,
_eautor.
245 1 0 _aMás allá de la racionalidad capitalista :
_bnuevas formas de hacer política /
_cRafael Sandoval Álvarez ; pról. de Jorge Alonso Sánchez.
264 1 _aMéxico :
_bInstituto Nacional de Antropología e Historia,
_c2020.
300 _a1 recurso en línea :
_bilustraciones, fotografías, tablas, mapas, dibujos
336 _atexto
_btxt
_2rdacontent/spa
337 _acomputadora
_bc
_2rdamedia/spa
338 _arecurso en línea
_bcr
_2rdacarrier/spa
490 1 _aEtnología y Antropología Social, Serie Logos
504 _aIncluye bibliografía.
588 _aDescripción basada en metadatos suministrados por el editor y otras fuentes.
590 _aRecurso electrónico. Santa Fe, Arg.: elibro, 2023. Disponible vía World Wide Web. El acceso puede estar limitado para las bibliotecas afiliadas a elibro.
650 4 _aCultura política
_zMéxico.
650 4 _aMéxico
_xPolítica y gobierno
_ySiglo XX
_xFilosofía.
650 4 _aParticipación política
_zMéxico.
655 4 _aLibros electrónicos.
700 1 _aSánchez, Jorge Alonso,
_eprologuista.
797 2 _aelibro, Corp.
830 0 _aEtnología y Antropología Social, Serie Logos.
856 4 0 _uhttps://elibro.net/ereader/politecnicointernacional/212574
999 _c91341
_d91341